000 00630nam a22001931c 4500
001 ht005459953
008 070117s1962 gw |||| 000u ger d
041 _ager
100 1 _aBünger, Siegfried
245 0 0 _aFriedrich Engels und die britische sozialistische Bewegung :
_b1881 - 1895 /
_cSiegfried Bünger
264 _aBerlin :
_bRütten & Loening,
_c1962
300 _a242 S.
502 _aZugl.: Berlin, Univ., Diss
655 0 _aHochschulschrift
942 _cMG
040 _cRU-10907106
003 RU-10907106
999 _c12124
_d12124
490 0 _aSchriftenreihe des Instituts für Allgemeine Geschichte an der Humboldt-Universität Berlin
_v6